Holiday Quiz

Random Holiday or Clickable Quiz

Holidays by Wikipedia Sentence Quiz Stats

 Plays Quiz Updated Nov 23, 2017

Also try: Holiday Dates
Challenge
Share
Tweet
Embed
Score 0/24 Timer 06:00
2 Plays Today
% Correct
Chinese New Year
85.4%
Halloween
84.6%
New Year's Day
84.1%
Independence Day
83.5%
Ramadan
82.3%
Groundhog Day
80%
Mardi Gras
78.9%
Thanksgiving Day
78.6%
Boxing Day
78.5%
Bastille Day
77.5%
Guy Fawkes Night
76.5%
Labor Day
75.7%
% Correct
Valentine's Day
74.4%
Arbor Day
74.2%
Easter
74.1%
Mother's Day
72.7%
Passover
72.6%
Veterans Day
66.4%
Memorial Day
66.2%
Christmas
59.6%
Yom Kippur
58%
All Saints' Day
56.5%
Columbus Day
53%
Saint Patrick's Day
50.9%

You're not logged in!

Compare scores with friends on all Sporcle quizzes.
OR
Log In

You Might Also Like...

Show Comments

Extras

Top Quizzes Today


Score Distribution

Your Account Isn't Verified!

In order to create a playlist on Sporcle, you need to verify the email address you used during registration. Go to your Sporcle Settings to finish the process.

Report this User

Report this user for behavior that violates our Community Guidelines.

Details: